00493nam a2200169Ia 4500003000900000008004100009020001800050040001600068080002100084100002200105245005100127260004300178300001500221650002000236650002400256650004300280IN-BaIIA211028s9999 xx 000 0 eng d a0-86008-105-2 cIIA Library a524.1:523.9bSAK aSakurai, Kunitomo 0aPhysics of solar cosmic rayscKunitomo Sakurai aTokyobUniversity of Tokyo Pressc1974 axiv, 428p. a Cosmic rays  a Solar cosmic rays aAstronomy and astrophysics thesaurus